Tài liệu chuyên Sinh học Trung học phổ thông : Bài tập sinh lí học thực vật
Cung cấp những kiến thức hữu ích giúp cho học sinh có thêm tài liệu phục vụ cho việc học tập có hiêụ quả tốt hơn. Ngoài ra còn là tài liệu giúp ích cho việc giảng dạy cho các giáo viên ở bộ môn Sinh học....
Na minha lista:
| Autor principal: | |
|---|---|
| Formato: | Livro |
| Idioma: | Undetermined |
| Publicado em: |
Hà Nội
Giáo dục Việt Nam
2013
|
| Assuntos: | |
| Tags: |
Adicionar Tag
Sem tags, seja o primeiro a adicionar uma tag!
|
| Thư viện lưu trữ: | Trung tâm Học liệu Trường Đại học Cần Thơ |
|---|
| LEADER | 01049nam a2200229Ia 4500 | ||
|---|---|---|---|
| 001 | CTU_191207 | ||
| 008 | 210402s9999 xx 000 0 und d | ||
| 020 | |c 26000 | ||
| 082 | |a 570.712 | ||
| 082 | |b V500 | ||
| 100 | |a Vũ, Văn Vụ | ||
| 245 | 0 | |a Tài liệu chuyên Sinh học Trung học phổ thông : | |
| 245 | 0 | |b Bài tập sinh lí học thực vật | |
| 245 | 0 | |c Vũ Văn Vụ (chủ biên), Đỗ Mạnh Hưng | |
| 260 | |a Hà Nội | ||
| 260 | |b Giáo dục Việt Nam | ||
| 260 | |c 2013 | ||
| 520 | |a Cung cấp những kiến thức hữu ích giúp cho học sinh có thêm tài liệu phục vụ cho việc học tập có hiêụ quả tốt hơn. Ngoài ra còn là tài liệu giúp ích cho việc giảng dạy cho các giáo viên ở bộ môn Sinh học. | ||
| 650 | |a Biology,Sinh học | ||
| 650 | |x Study and teaching (Secondary),Học và giảng dạy | ||
| 904 | |i Bằng | ||
| 980 | |a Trung tâm Học liệu Trường Đại học Cần Thơ | ||